000 00275 a2200097 4500
001 32080
100 _aAhsan Mohammad Chaudhri
245 _aA Study of Pakistan Foreign Policy 1954-1970;Pakistan and Great Power
260 _aKarachi
_bRoyal Book Co
_c
090 _c21530
_d21530
942 _aNUST-CAE
_cM
_c12815
999 _c267153
_d267153